[Event "SWE-chT 1415 Superettan"]
[Site "Sweden"]
[Date "2015.01.17"]
[Round "4"]
[White "Linden, Anders"]
[Black "Johansson, Carl Fredrik"]
[Result "0-1"]
[WhiteElo "1757"]
[BlackElo "2160"]
[PlyCount "60"]
[EventDate "2014.11.21"]
[EventType "team-tourn"]
[EventRounds "9"]
[EventCountry "SWE"]
[SourceTitle "EXT 2018"]
[Source "ChessBase"]
[SourceDate "2017.10.13"]
[SourceVersion "1"]
[SourceVersionDate "2017.10.13"]
[SourceQuality "1"]
[WhiteTeam "Orebro"]
[BlackTeam "Upsala"]
[WhiteTeamCountry "SWE"]
[BlackTeamCountry "SWE"]

1. e4 c5 2. Nf3 d6 3. d4 cxd4 4. Nxd4 Nf6 5. Nc3 g6 6. Bc4 Bg7 7. f3 0-0 8. Be3 Nc6 9. Qd2 Nd7 10. Nxc6 bxc6 11. Bh6 Bxh6 12. Qxh6 Qb6 13. 0-0-0 Nf6 14. h4 Qc5 15. Bb3 Be6 16. Rde1 Qe5 17. f4 Qh5 18. Qxh5 Nxh5 19. Rhf1 Bg4 20. Re3 e6 21. Nd1 Bxd1 22. Kxd1 Ng7 23. g4 a5 24. c3 Rfb8 25. Kc1 a4 26. Bd1 a3 27. bxa3 Rxa3 28. Bb3 Rbxb3 29. Rff3 Rxa2 30. Kd1 Rb1# 0-1